Thiết kế đường ô tô đường ngoài đô thị và đường đô thị. Tập 2, Đường đô thị

Đã lưu trong:
Sonraí Bibleagrafaíochta
Príomhúdar:  Doãn Hoa
Formáid: Sách
Teanga:Undetermined
Foilsithe:  Xây dựng  2010
Ábhair:
Clibeanna: Cuir Clib Leis
Gan Chlibeanna, Bí ar an gcéad duine leis an taifead seo a chlibeáil!
Thư viện lưu trữ: Trung tâm Thư viện - Trường Đại học Công nghiệp TP. Hồ Chí Minh
LEADER 00575nam a2200157Ia 4500
001 UIH_07795
008 231011s9999 xx 000 0 und d
082 |a  625.725 
100 |a  Doãn Hoa 
245 0 |a  Thiết kế đường ô tô đường ngoài đô thị và đường đô thị. Tập 2, Đường đô thị 
245 0 |c  Doãn Hoa 
260 |b  Xây dựng 
260 |c  2010 
650 |a  Đường ô tô;  
927 |a Sách 
980 |a Trung tâm Thư viện - Trường Đại học Công nghiệp TP. Hồ Chí Minh